000 00570nam a2200193 a 4500
005 20140412111241.0
008 030411s19uu xx 00 eng d
020 _a1-56293-345-0
050 _aTR(PS E
_bJu98 1993
100 _aLeeka, M. C.
245 _aJust like mommy, just like daddy /
_cby M. C. Leeka ; illustrated by Deborah Borgo.
260 _aNew York :
_bMcClanahan Book Company,
_c1993.
300 _a1 v. (unp.) ; ill.
440 _aStorytime Books
650 _aFamilies--Fiction
650 _aChildren stories
999 _c102708
_d102708